000 00343nam a2200145 i 4500
001 bg
100 1 _aLÖBIG, H.
245 0 _aGrundkenntnisse der Elektrotechnik /
_cH. Löbig, G. Schöne.
260 _aBerlin,
_c1967.
700 1 _aSCHÖNE, G.
040 _cBPK
041 _apol
942 _cKS
008 s pl f |000 0 pol
999 _c9055
_d9055
856 _uhttp://koha.tu.koszalin.pl/cgi-bin/koha/opac-detail.pl?biblionumber=9055
_yKatalog online BPK